000 00369nam a22001577a 4500
003 MPLRDC
005 20220104152637.0
008 210129b ||||| |||| 00| 0 eng d
082 _a969 ZL
100 _a朱澧编著
245 _a巧夺天工
_c
250 _a初版
260 _a
_b香港上海书局
_c1974
650 _a民间工艺美术
942 _cBK
_o969 ZL
999 _c53011
_d53001